[Event "EU-ch 6th"]
[Site "Warsaw"]
[Date "2005.06.22"]
[Round "5"]
[White "Andreikin, Dmitry"]
[Black "Inarkiev, Ernesto"]
[Result "1-0"]
[WhiteElo "2495"]
[BlackElo "2612"]
[Annotator "Hazai,L"]
[PlyCount "75"]
[EventDate "2005.06.18"]
[EventType "swiss"]
[EventRounds "13"]
[EventCountry "POL"]
[SourceTitle "CBM 108"]
[Source "ChessBase"]
[SourceDate "2005.09.26"]
[SourceVersion "1"]
[SourceVersionDate "2005.09.26"]
[SourceQuality "1"]

1. d4 Nf6 2. Nf3 g6 3. Bf4 Bg7 4. c3 b6 5. e3 Bb7 6. h3 O-O 7. Bh2 d6 8. a4 a6
9. Be2 {White is waiting with the Nd2 development.} Nbd7 10. O-O {This is a
reversed Reti opening, with a quiet positional play. White's setup is not very
active, but a good knowledge of the typical middlegame position is important.}
e6 {/\ Qe7, e5 gaining control in the [+].} (10... Re8 {/\ e5} 11. Na3 (11. Qb3
{is not very important.} e5 12. Rd1 e4 13. Nfd2 a5 {Black was afraid of a4-a5?}
14. Na3 h5 15. Nb5 Nf8 {Black has no real attacking chances on the >>, the h2
B is very strong.} 16. c4 Ne6 17. Rac1 Bf8 18. Qa3 {1/2-1/2 Kudischewitsch-Ma.
Tseitlin, Tel Aviv 2002}) (11. Nbd2) 11... e5 $5 (11... e6 {This looks a bit
slow.} 12. a5 $5 b5 13. c4 bxc4 14. Nxc4 Qe7 15. Qa4 Ne4 {/\ f5 strengthening
the control over the light squares.} 16. Qa3 f5 $1 $13 {Ye-Donguines, Bacolod
53/72 1991})) (10... c5 {is the other way of attacking the [+].}) (10... Ne4
11. Nbd2 Nxd2 12. Nxd2 c5 13. Bf3 Qc7 {Black is not against the exchange of
the light-squared B hoping for entombbing the h2 one.} 14. Qe2 Rfe8 15. Rfd1
Rac8 $11 {Kozul-Grivas, Sharjah 1985}) (10... Qe8 {/\ e5, Qe7} 11. Nbd2 e5 12.
b4 {White wants to play on the <<.} Qe7 13. Nb3 {leaves the vital e4 square
unattended.} (13. Qb3 e4 (13... Kh8 {/\ f5 in the long run.} 14. dxe5 Nxe5 (
14... dxe5 $5) 15. Nxe5 dxe5 16. a5 b5 17. c4 Rad8 18. Rfd1 c6 19. Rac1 $14 {
Bode-Chekhov, Krumbach 1991}) 14. Ne1 h5 15. Rc1 Rab8 16. b5 a5 17. c4 {
/\ c5 at any rate.} Rbc8 18. Qc2 Rfd8 $13 {De Francesco-Leko, Munich 1992})
13... Ne4 14. Rc1 f5 $132 {Ravikumar-Sznapik, Manchester 1982}) 11. Nbd2 (11.
Qb3 Qe7 12. Rd1 {White is still waiting with the development of his N.} e5 (
12... Rfd8 {Yudovich}) 13. dxe5 dxe5 14. Qa3 $1 {White hopes for a slightly
better _|_.} c5 (14... Rfe8) 15. Nbd2 e4 16. Ne1 Ne5 17. Nc4 Nxc4 18. Bxc4 {
(Sorokin-Antoshin, SU 4/77 1967)} Rfd8 $11 {The e1 N is completely out of play.
}) 11... Qe7 12. Qc2 e5 13. dxe5 (13. b4 {- 10...Qe8}) 13... dxe5 14. Nc4 {
This leaves the e4 square for nothing.} (14. Rfd1 e4 {/\ Ne5 gainig control
over e5 neutralizing the h2-b8 /^.} 15. Ne1 Ne5 16. Nc4 Nfd7 17. Rd2 Kh8 18.
Rad1 Rac8 19. Nxe5 Nxe5 20. Qb3 f5 $132 {Khagurov-Bragin, Krasnodar 1999}) (14.
e4 Rfd8 $11) 14... Nd5 (14... Ne4 $1 15. Rfd1 f5 {Black has created a strong 
[+].} 16. Qb3 Kh8 17. Ncd2 {acknowledging the inaccuracy.} Ndc5 18. Qa3 f4 {
killing the h2 B.} 19. Nxe4 Bxe4 20. exf4 exf4 21. Rd2 Rae8 $36 {
Hagurov-Daniliuk, Krasnodar 1996}) 15. Rfd1 Rad8 (15... f5 16. Rd2 e4 17. Nd4
Rad8 18. Rad1 {- 15...Rad8}) 16. Rd2 h6 (16... f5 17. Rad1 e4 18. Nd4 (18. Rxd5
Bxd5 19. Rxd5 exf3 20. Bxf3 Nf6 $13) 18... h6 {/\ Kh7 avoiding any tactical
threats on the a2-g8/^.} (18... f4 $6 {is premature because of} 19. Bxf4 Nxf4
20. exf4 Rxf4 21. Na5 $1 bxa5 22. Qb3+ $16) ({Immediately} 18... Kh8 $5 {
leaving the a2-g8/^ deserves attention as well.})) 17. Rad1 Qe6 $6 {This
leaves the d8 R undefended.} (17... e4 18. Nd4 f5 {- 16...f5}) 18. e4 {soon or
later White has to do something in the [+], but this also weakens >< f4.} Nf4
19. Bf1 {The pin on the d <-> is nasty.} f5 $2 {This opens up the position for
White's favour.} (19... Bc6 20. Nxb6 $1 cxb6 21. Rd6 Bxa4 22. Qxa4 $16) (19...
Bc8 {looks ugly, but it doesn't lose immediately.} 20. Ne3 $14) 20. exf5 gxf5 (
20... Rxf5 21. Nfxe5 $1 $16) 21. Bxf4 (21. Nfxe5 $1 {looks simpler} Nxh3+ 22.
gxh3 Nxe5 23. Nxe5 Rxd2 24. Qxd2 Bxe5 25. Bxe5 Qxe5 26. Qxh6 $18) 21... Bxf3
22. gxf3 exf4 23. Rd5 (23. Kh1 Kh8 24. Rd5 {- 23.Rd5}) (23. Na3 Kh8 24. Bxa6 {
wins a P, but loses the |^.}) 23... Kh8 24. Kh1 b5 25. axb5 axb5 26. Na5 (26.
Rxb5 Nb6 27. Nxb6 cxb6 {Black's main hope is to liquidate to a ^- _|_.}) 26...
Be5 27. Bxb5 Rg8 28. Qe2 $1 $18 {Black collapses due to the numerous pins.} (
28. Bxd7 $4 Qg6 $19) 28... Qg6 29. Qf1 Bd6 30. Nb7 Nf6 31. Rxd6 (31. R5d4 Rb8
32. Nxd6 cxd6 33. Rxd6 Rxb5 34. Rxf6 Qxf6 35. Qxb5 Qg6 36. Qf1 Qc6 37. Rd3 $18)
31... Rb8 (31... cxd6 32. Nxd8 Rxd8 33. c4 $18) 32. Rc6 Rxb7 33. Bc4 Qh5 34.
Rxf6 Qxf3+ 35. Kh2 Rg3 36. Rd8+ (36. Rd7 $18) 36... Kg7 37. Rf7+ Kg6 38. Rg8+
1-0

[Event "Cannes masters k.o."]
[Site "Cannes"]
[Date "2000.02.19"]
[Round "1.2"]
[White "Touzane, Olivier"]
[Black "David, Alberto"]
[Result "0-1"]
[WhiteElo "2384"]
[BlackElo "2520"]
[Annotator "Hazai,L"]
[PlyCount "138"]
[EventDate "2000.02.19"]
[EventType "k.o."]
[EventRounds "5"]
[EventCountry "FRA"]
[SourceTitle "CBM 076"]
[Source "ChessBase"]
[SourceDate "2000.05.31"]
[SourceVersion "1"]
[SourceVersionDate "2000.05.31"]
[SourceQuality "1"]

1. d4 Nf6 2. Nf3 g6 3. Bf4 Bg7 4. e3 d6 5. Be2 O-O 6. h3 Nbd7 7. O-O b6 8. Nbd2
Bb7 9. a4 a6 10. Bh2 c5 11. c3 Ra7 {/\ Qa8 controlling the important long /^.
However the R is not very impressive on a7.} ({For the more natural} 11... Qc7
{see Zhukova-A.Kovacevic, CBM 76.}) 12. Ne1 $143 {This passive retreat has the
idea of Bf3 exchanging Black's B on the long /^. However the N leaves the [+]
and the remainig B has no perspectives on the /^ h2-b8.} (12. Bd3 {looks more
active fighting for >< e4.} Qa8 13. Qb1 {avoiding the c <->.} (13. Re1 {
- 12.Re1}) 13... cxd4 (13... e5 14. dxe5 Nxe5 15. Bxe5 {solves White's problem
of his passive B.} dxe5 16. e4 {White wants to get control over the light
squares.} Nh5 {/\ Nf4} 17. Re1 Nf4 18. Bf1 {/\ Nc4} f5 19. g3 fxe4 20. Ng5 Nd3
21. Re2 Bc6 22. Ngxe4 Rd7 23. Bg2 $14 {blockading the vital e4 square,
Langeweg-Riemersma, NLD-sf 1994.}) 14. cxd4 {This symmetrical continuation
doesn't yield any advantage for White.} (14. exd4 $5) 14... e5 15. dxe5 dxe5
16. e4 Nc5 $1 17. Re1 Nfd7 18. Nc4 Qb8 19. Bc2 a5 20. Qa2 Na6 21. Rad1 Nb4 {
1/2:1/2 Graf-Kindermann, BL 1991}) (12. Qb3 {The Q is not dangerous here.} Qa8
13. Rac1 Bc6 {/\ b5} 14. Qa3 b5 15. a5 {avoiding the opening of the a <->.} e5
16. Rfd1 Re8 17. Bf1 Bf8 18. Qa2 e4 19. Ne1 c4 20. Nc2 Qd8 21. Qa3 d5 $17 {
with a huge space advantage for Black, Minibock-Van Wely, Vienna 1994.}) (12.
Re1 {with the same idea of fighting for e4.} Qa8 13. Bd3 Ne4 {radically
preventing White from e3-e4.} 14. Nxe4 Bxe4 15. Bxe4 Qxe4 {after these
exchanges White's passive B remains.} 16. Qe2 Rc8 17. Kf1 Nf6 18. Nd2 Qc2 19.
Nf3 {White has to defend himself carefully.} Qxe2+ 20. Kxe2 cxd4 21. exd4 Nd5
22. Kd3 Rb7 23. Ke4 Nf6+ 24. Kd3 b5 25. Bf4 Nd5 $11 {Arencibia-Van Wely, Cuba
1995}) (12. Qb1 Qa8 13. Bd3 {- 12.Bd3}) (12. b4 {gains space on the <<, but
creates also some weaknesses there.} cxb4 13. cxb4 Nd5 14. Qb3 a5 {>< b4} 15.
bxa5 bxa5 16. Rfc1 Nb4 17. Rab1 Nb6 18. Bb5 Bd5 19. Qa3 Qa8 20. Ne1 Rc8 $13 {
and Black has successfully mobilized his pieces on the <<, Sydor-Brinck
Claussen, Lyngby 1988.}) 12... Qa8 13. Bf3 Rc8 (13... cxd4 {Black wants to
clarify the situation in the [+].} 14. Bxb7 Qxb7 15. exd4 Rfa8 {Black wants to
begin his minority -> on the << by b6-b5. In case of axb5 axb5 he gets the
control over the a <->.} 16. Qe2 Bf8 17. Nc2 (17. Nd3 {looks more to the point.
}) 17... b5 18. axb5 $6 {This helps only for Black.} (18. a5 {was the logical
continuation to avoid the opening of the a <->.}) 18... axb5 19. Rxa7 Rxa7 20.
Ra1 Rxa1+ 21. Nxa1 Qa6 $15 {with a slight _|_ advantage for Black,
Trifunov-Csom, Sombor 1972.}) 14. Bxb7 Qxb7 15. Qe2 (15. Qf3 Qxf3 16. Nexf3
Rca8 $1 {/\ b5 is similar to the game continuation.}) 15... Ne4 16. Nxe4 (16.
Nd3 Nxd2 17. Qxd2 c4) 16... Qxe4 {Now White is left with his passive B on h2
and N on e1.} 17. Qf3 Nf6 18. Qxe4 Nxe4 {The exchange of Q helps for Black to
obtain a slight advantage in the _|_.} 19. Nf3 Rca8 $1 $15 {Black wants to
prepare the minority -> by b5.} 20. Rfd1 (20. c4 {is not a defence against} b5
$1 21. axb5 axb5 22. Rxa7 Rxa7 23. cxb5 Rb7 {>< b2}) 20... b5 $1 21. Nd2 (21.
axb5 $2 {opens up the a <-> for Black.} axb5 22. Rxa7 Rxa7 $17) 21... Nxd2 22.
Rxd2 b4 (22... c4 $1 {fixing the weaknesses on the dark squares.} 23. Kf1 (23.
b3 $2 cxb3 24. Rb2 bxa4 25. Rxa4 Rb7 26. Ra3 Rc8 27. Raxb3 Rxc3 $1 {exploiting
the weakness of the back rank.}) 23... b4 $15) 23. Rc1 (23. cxb4 cxd4 24. exd4
Rb7 25. b5 axb5 26. a5 b4 $15) (23. c4 $142 $1 cxd4 24. exd4 b3 25. c5 $132 {
with a o^ on the c <->.}) 23... bxc3 24. bxc3 (24. Rxc3 Rb7 25. Rcc2 cxd4 26.
exd4 Rab8 $15 {and the weaknesses begin to tell.}) 24... Rc7 $1 {Black
temporarily gives the b <-> for White.} 25. Rb1 Rac8 $1 26. g4 $2 (26. Bf4 {
with the same idea of creating the escape for the K is more active, because he
can also hit the black K with a check on the back rank followed by Bh6.} cxd4
27. cxd4 Rc1+ 28. Rxc1 Rxc1+ 29. Kh2 Rc4 30. Ra2) 26... cxd4 27. cxd4 Rc1+ 28.
Rd1 (28. Rxc1 Rxc1+ 29. Kg2 Ra1 30. Rc2 Rxa4 31. Rc8+ Bf8 32. Bf4 Kg7 {
parrying all the threats.}) 28... R1c4 29. Ra1 (29. Rb7 Bf6 30. Ra1 Rc1+ 31.
Rxc1 Rxc1+ 32. Kg2 Rc4 $17) 29... Rb8 30. Rdc1 Rbb4 31. Rxc4 Rxc4 {[%mdl 4096]
Black has an active R and B versus a passive R and B.} 32. Kf1 f5 {opening the
route for the K towards the [+].} 33. gxf5 gxf5 34. Ke2 Rc2+ 35. Kf3 Bf6 (35...
Kf7) 36. Bg3 Kf7 {White is rather paralized, he can only sit and wait,
meanwhile Black can gradually strengthen his position.} 37. a5 (37. Kf4 Ke6)
37... Ke6 38. Kf4 Rb2 39. Ra4 (39. d5+ {runs into} Kxd5 40. Kxf5 Rxf2+ 41. Bxf2
Bxa1) 39... Rb5 40. e4 $2 {White forces matters, but this creates only
additional weaknesses.} (40. Ra2 {White wants to hold the position.} Kd7 (40...
Kf7 {/\ Kg6} 41. Ra4 (41. f3 Kg6 42. Bf2 e5+) 41... Kg6 42. Kf3 h5 $17) 41. f3
(41. Ra4 h6 42. Kf3 e6 43. Bf4 h5 44. e4 fxe4+ 45. Kxe4 d5+ 46. Kf3 Rb3+ 47.
Be3 Kc6 $17) 41... h6 $1 (41... e6 42. Be1)) 40... fxe4 41. Kxe4 Rh5 42. h4
Bxh4 43. d5+ Kf6 44. Rb4 (44. Bxh4+ Rxh4+ 45. f4 Rh1) 44... Bxg3 45. fxg3 Rg5 (
45... Re5+ $1 {was the simplest way for a win.} 46. Kd4 Rg5 47. Rb6 Rg4+ 48.
Ke3 Rxg3+ 49. Kf4 Rg5 $19) 46. Rb6 Rg4+ $1 47. Kf3 Rd4 $19 {Black creates
connected passed pawns versus one o^.} 48. Rxa6 Rxd5 49. Ra8 Rd3+ 50. Kg4 (50.
Kf2 Ra3 51. Rh8 Rxa5 52. Rxh7 Ra2+ 53. Kf3 Ra3+ 54. Kf2 d5 $19) 50... h5+ 51.
Kh4 (51. Kxh5 Rxg3 52. a6 Ra3 53. a7 Ke5 54. Kg4 d5 $19) 51... Ra3 52. a6 Ke6
53. a7 Ra5 54. Kh3 Ra4 55. Kg2 Kd5 56. Kh2 (56. Kf3 e5 $19) 56... Ke4 57. Kh3
Ke5 58. Rh8 (58. Kg2 d5 $19) 58... Rxa7 59. Rxh5+ Ke4 60. g4 e5 61. Rh6 d5 62.
Rf6 d4 63. g5 d3 64. g6 Rd7 65. Rf7 Rd8 66. g7 d2 67. Rf8 d1=Q 68. g8=Q Qh1+
69. Kg3 Qg1+ 0-1

[Event "Tan Chin Nam Cup 7th"]
[Site "Shanghai"]
[Date "2001.07.09"]
[Round "1"]
[White "Sokolov, Ivan"]
[Black "Ni, Hua"]
[Result "1-0"]
[WhiteElo "2659"]
[BlackElo "2528"]
[Annotator "Hazai,L"]
[PlyCount "87"]
[EventDate "2001.07.09"]
[EventType "tourn"]
[EventRounds "9"]
[EventCountry "CHN"]
[EventCategory "16"]
[SourceTitle "CBM 085"]
[Source "ChessBase"]
[SourceDate "2001.11.13"]
[SourceVersion "1"]
[SourceVersionDate "2001.11.13"]
[SourceQuality "1"]

1. d4 Nf6 2. Nf3 g6 3. Bg5 Bg7 4. Nbd2 O-O 5. c3 d6 6. e4 Nbd7 7. Be2 (7. Bc4
$5) 7... e5 (7... h6 8. Bh4 e5 9. dxe5 (9. O-O Re8 (9... Qe8 $5 {deserves
attention as well leaving the pin and putting pressure on >< e4.}) 10. Qc2 c6
$11 {/\ Qc7} (10... g5 $143 11. Bg3 Nh5 {weakens the light squares.} 12. Nc4
Nf4 13. dxe5 Nxe5 (13... dxe5 14. Rad1 $14 {/\ Ne3 >< f5}) 14. Nfxe5 Bxe5 15.
Rad1 Qe7 16. Ne3 Be6 (16... Nxe2+ 17. Qxe2 Bxg3 18. Nd5 $1 Qd8 19. fxg3 $16)
17. Bg4 $14 {controlling the vital light squares, Balashov-Vukic, Bugojno 1978
Inf. 25/105.})) 9... dxe5 10. O-O {- 7...e5}) 8. dxe5 {White's setup is too
passive for keeping the tension in the [+].} dxe5 (8... Nxe5 {looks also
enough for an even game.} 9. Nxe5 dxe5 10. Qc2 Qe8 {This is the typical
defence now.} (10... Be6 {Stohl} 11. Nc4 h6 12. Bh4 $14) 11. Bc4 h6 {The B has
to decide.} 12. Be3 {This is the best place for the B.} b6 13. f3 (13. O-O-O $6
Ng4 $15) 13... Be6 {Stohl} (13... h5 14. h3 $5 a5 (14... h4 15. Bg5 {><h4}) 15.
g4 a4 {is a taher unusual follow up in this quiet positional system.} 16. O-O-O
$13 Be6 17. Qd3 $1 (17. Kb1 b5 18. Bxe6 Qxe6 $10) 17... Rd8 18. Qe2 Qc6 {/\Rd2}
19. Bxe6 Qxe6 20. Kb1 {(Nikolaidis-Moutousis, Peristeri 1994 CBM 46)} Rd7 {
Stohl} 21. Nc4 Rfd8 $132) 14. O-O Nd7 $10 {Black has only one minor
strategical problem, the difference between the strong e3 and the passive g7 B.
}) 9. Qc2 (9. O-O h6 (9... c6 {is a bit passive.} 10. Qc2 Qc7 11. Rfe1 Re8 12.
Bf1 b6 13. a4 a5 14. Nc4 Bb7 15. Rad1 {>< d6} Re6 16. Bxf6 Nxf6 17. Ng5 Re7 18.
Nd6 Ba6 19. Bxa6 Rxa6 20. Qb3 $14 {Epishin-Kantsler, Podolsk 1989}) (9... b6
10. Re1 Bb7 11. Qc2 h6 12. Bh4 Qe7 (12... a5 $5 13. Bf1 Qc8 14. Nc4 Re8 15.
Nfd2 Nh5 $1 {This move gives Black sufficient counterplay.} 16. f3 Nc5 17. Ne3
Nf4 {Black has enough pressure on the dark squares.} 18. Rad1 Ba6 19. Ndc4 Qe6
20. b4 Nd7 21. a4 Bf8 22. b5 Bb7 {weakening >< c5.} 23. Kh1 Nc5 $13 {
Annageldyev-El Taher, Yerevan 1996}) 13. Bf1 (13. b4 a5 14. a3 Rfd8 15. Bf1 Qe6
16. Bc4 Qe7 17. Bf1 Qe6 18. Bc4 {1/2-1/2 Golubev-Badea, Romania 2000}) 13... a5
$5 {against b2-b4.} (13... Rfe8 14. b4 {White wants to gain space on the <<
and deprive the N from c5.} a6 (14... a5 15. a3 $14) 15. Nc4 Qe6 (15... Rac8 $2
{is a rather useless move.} 16. a4 Qe6 17. Nfd2 Nh5 18. f3 Bf6 19. Bf2 {
White doesn't want to change his superior B.} Bg5 20. Ne3 Ndf6 21. c4 $16 {
Kasparov-Martinovic, Baku 1980 Inf. 29/110}) 16. Nfd2 c5 17. Ne3 cxb4 18. cxb4
Rac8 19. Qb1 b5 20. a4 $14 {Kasparov}) 14. a4 Nc5 {Now the N has a secured
place here.} 15. Bc4 Rfd8 16. Bg3 Nh5 17. Nb3 Nd7 {The N is bad on b3!} 18.
Rad1 Nxg3 {^^} 19. hxg3 Nf6 $11 {Itkis-Svetushkin, Bucharest 1998}) 10. Bh4 {
The B is certainly a bit out of play here.} Qe8 (10... c6 11. Qc2 {- 9.Qc2}) (
10... Qe7 11. Re1 Rd8 {There are too many pieces pinned on the h4-d8 /^.} (
11... Re8 $5) 12. Qc2 b6 13. Bf1 Bb7 14. Nc4 Qe6 15. Nfd2 Qg4 16. Bxf6 $1 Bxf6
17. Ne3 {/\ Bc4 fighting for the light squares.} Qe6 18. Bc4 Qd6 19. Rad1 c6
20. Nf3 $14 {Balashov-Sax, Rio de Janeiro 1979}) 11. Qc2 (11. Re1 Nh5 12. Nc4 (
12. Qc2 {- 11.Qc2}) 12... a5 $5 {is again a possible plan.} (12... Nc5 13. Bf1
a5 (13... f6 {doesn't look very healthy!} 14. Nfd2 Be6 15. Qc2 f5 16. b4 Nxe4
17. Nxe4 fxe4 18. Nd2 {/\ Nxe4 with a wonderful N in the [+].} g5 19. Bg3 Nxg3
20. hxg3 Qf7 21. Nxe4 a5 22. a3 $14 {Panchenko-Mazi, Ljubljana 1992}) 14. Nfd2
Nf4 15. Nb3 Na4 16. Qc2 b6 {The b3 N is again out of play.} 17. Rad1 Qc6 18.
Na3 Ba6 19. Bxa6 Rxa6 20. Bg3 b5 21. Bxf4 exf4 22. Nd4 Bxd4 23. Rxd4 Nc5 24.
Qd2 Ne6 25. Rd5 Rb8 26. Nc2 $14 {with some pressure on the d <->,
Malaniuk-Gallagher, Baku 1988.}) 13. Nfd2 Nf4 14. Bf1 Nf6 $11 {is good and
simple.} (14... Bf6 15. Bxf6 (15. Bg3 $6 {allows Black to get the ^^.} Nh5 16.
Ne3 Nxg3 17. hxg3 Bd8 $15 {Beliakov-Gavrilov, Alushta 1994 Inf. 61(69)}) 15...
Nxf6 16. Nf3 $14 {Gavrilov})) 11... Nh5 12. Rfe1 $1 (12. Rfd1 f5 $1 $13) 12...
Nf4 13. Bf1 Nb6 {The N is usually badly placed here.} (13... Nc5 $5) 14. a4 a5
15. Nc4 Nxc4 16. Bxc4 Be6 17. Bxe6 Qxe6 18. Rad1 $14 {E.Vladimirov-Ivkov,
Havana 1986 41/117}) 9... h6 10. Bh4 c6 {This is a somewhat passive plan.} (
10... Qe8 $5 {/\ Nh5 is the typical plan, as it was seen before.}) 11. O-O Qc7
12. Rfe1 (12. Rfd1 Nc5 13. b4 Ne6 14. Nc4 Nh5 {Black is not afraid of the
weakness of >< d6.} 15. Nd6 Nef4 16. Nxc8 Nxe2+ 17. Qxe2 Qxc8 18. Rd6 a5 {
trying to exploit the weakening of the <<.} 19. Rad1 Nf4 20. Qc2 axb4 21. cxb4
Re8 22. Bg3 Bf8 23. Rd7 Nd5 24. Nxe5 Rxe5 25. Bxe5 Qxd7 26. exd5 cxd5 $11 {
Zueger-Ch.Gabriel, Horgen 1995}) 12... Nh5 13. a4 Bf6 {From strategical point
of view the exchange of the dark-squared B is good for Black.} (13... g5 {
seriously weakens >< f5.} 14. Bg3 Nxg3 15. hxg3 Rd8 16. Nc4 Nb6 17. Ne3 $14)
14. Bxf6 Nhxf6 (14... Ndxf6 {looks more active.} 15. Nc4 Re8 16. Rad1 $14) 15.
Rad1 Re8 16. Nc4 (16. Bf1 $5) 16... Nc5 $6 (16... Nb6 {trying to exchange the
strong N looks logical.} 17. h3 (17. Nd6 Rd8 18. Nxc8 Raxc8 19. a5 Nbd7 20. b4
c5 $132) 17... Nxc4 18. Bxc4 Be6 19. Bxe6 Rxe6 20. Qd2 Kg7 {neutralizing the
pressure on the d <->.}) 17. b4 $1 {The opening of the position helps to the
better developed party.} Ncxe4 18. Bd3 Ng5 19. Nfxe5 $1 (19. Nxg5 hxg5 20. Qd2
Bg4 21. f3 e4) 19... b5 {[#] Forcing White to sacrifice the piece!} (19... Ng4
20. f4 b5 21. fxg5 Nxe5 (21... bxc4 22. Nxg4 Bxg4 23. Bxc4 $1 $18) 22. Nxe5
Rxe5 23. Rxe5 Qxe5 24. axb5 Bg4 25. Rf1 cxb5 26. gxh6 $16) 20. Bxg6 $1 {
White gets three pawns and the better position for the piece in the _|_.} fxg6
(20... bxc4 $6 21. Bxf7+ Nxf7 22. Qg6+ Kf8 23. Qxf6 Bf5 24. f4 $1 Bd3 25. Re3
Rad8 26. Rde1 $18 {and White has an overwhelming ->.}) 21. Qxg6+ Qg7 22. Qxg7+
Kxg7 23. Nd6 Re7 24. f4 Ngh7 25. axb5 cxb5 26. Nxb5 $16 Nf8 27. Nc6 Rxe1+ 28.
Rxe1 Nd5 (28... Bd7 29. Nbxa7 Nd5 {- 28...Nd5}) 29. Nbxa7 Kf6 $2 {This is
probably losing already.} (29... Bd7 30. b5 Bxc6 31. Nxc6) 30. c4 Nxb4 (30...
Nxf4 31. Rf1 $18) 31. Nxb4 Rxa7 32. Re8 $18 {winning back the piece with two
extra pawns.} Ng6 33. Rxc8 Nxf4 34. g3 Ne6 35. Rc6 Ra1+ 36. Kg2 Rd1 37. h4 Ke5
38. Ra6 Kf5 39. Nd5 Rc1 40. Ne3+ Kf6 41. Ng4+ Ke7 42. Nxh6 Rxc4 43. Nf5+ Kf6
44. Ng7 1-0